STN EN 3289: 1999 (31 4931), Letectvo. Ložiská pre draky lietadiel. Dvojradové naklápacie guľkové ložiská

Podrobná bibliografia
Ďalší autori: Jančúch, Jozef (Prekladateľ)
Médium: Kniha
Jazyk:slovenčina
PhysicalDescription:2 s.
Vydavateľské údaje: Bratislava Úrad pre normalizáciu, metrológiu a skúšobníctvo SR 1999
Predmet:

MARC

LEADER 00000nam a2200000 a 4500
001 vtls001357676
003 SK-MaSNL
005 20260302033911.0
008 180126s1999 xo 0 slo
040 |a SNK  |b slo  |c SNK  |e AACR2 
044 |a xo  |c SK 
046 |a s  |m 19990301 (účin. ) 
072 7 |a 629  |x Dopravné prostriedky  |2 konspekt 
080 |a 629.7  |2 2011 
080 |a 006.7/8  |2 2011 
080 |a (437.6)  |2 2011 
080 |a (4)  |2 2011 
084 |a 49.035  |2 ICS 
130 0 |a STN 31 4931 (STN EN 3289)  |9 684725 
245 1 |a STN EN 3289: 1999 (31 4931), Letectvo. Ložiská pre draky lietadiel. Dvojradové naklápacie guľkové ložiská 
246 1 0 |a Letectvo 
246 1 0 |a Ložiská pre draky lietadiel 
246 1 0 |a Dvojradové naklápacie guľkové ložiská 
246 3 0 |a idt EN 3289:1994 
260 |a Bratislava  |b Úrad pre normalizáciu, metrológiu a skúšobníctvo SR  |c 1999 
300 |a 2 s. 
500 |a Súbežný názov v angličtine, francúzštine, nemčine 
500 |a Spracovateľ: Jozef Jančúch 
540 |a STN vydané na akomkoľvek nosiči sa môžu rozmnožovaťa rozširovať iba so súhlasom určenej právnickej osoby  |b SÚTN Bratislava  |c zákon 60/2018 Z. z 
650 0 7 |a technické normy a štandarty  |z Slovensko  |2 SNKPH  |9 292187 
650 0 7 |a technické norma a štandarty  |z krajiny Európskej únie  |2 SNKPH  |9 292188 
650 0 7 |a letectvo  |2 SNKPH  |9 23632 
650 0 7 |a Aviation  |2 SNKPHeng  |9 265900 
655 7 |a normy  |2 SNKPH  |9 70643 
700 1 |a Jančúch, Jozef  |4 trl  |9 292563 
710 1 |a Slovensko.  |b Úrad pre normalizáciu, metrológiu a skúšobníctvo  |4 stn  |9 158117 
710 2 |a Slovenský ústav technickej normalizácie  |4 stn  |9 32706 
852 |a Štátna vedecká knižnica v Banskej Bystrici 
999 |c 1063921  |d 1065851 
952 |t P60, <03>, [BOOK], {603}  |a SNK  |b SNK  |y PREZ  |7 0  |p 17A0183331  |o snkSTN EN 3289  |i snkN 796/99  |0 0  |1 0  |4 0  |d 1999-03-12  |l 0  |r 2005-01-02 00:00:00  |w 2026-02-24 
952 |t P60, <04>, [BOOK], {604}  |a SNK  |b SNK  |y VYP  |7 0  |p 17A0183332  |o snkSTN EN 3289 D1  |i snkN 797/99  |0 0  |1 0  |4 0  |d 1999-03-12  |l 0  |r 2005-01-02 00:00:00  |w 2026-02-24